Normal view
MARC view
Entry Topical Term
001 - CONTROL NUMBER
- control field: 11406
003 - CONTROL NUMBER IDENTIFIER
- control field: OSt
005 - DATE AND TIME OF LATEST TRANSACTION
- control field: 20170117182800.0
008 - FIXED-LENGTH DATA ELEMENTS
- fixed length control field: 170117|| aca||aabn | a|a d
040 ## - CATALOGING SOURCE
- Original cataloging agency: OSt
- Transcribing agency: OSt
150 ## - HEADING--TOPICAL TERM
- Topical term or geographic name entry element: Intellectual Disability
670 ## - SOURCE DATA FOUND
- Source citation: Work cat.: (OSt): Harris, James C. 11405, Intellectual disabilituy: understanding its development, causes, classification, evaluation and treatment
